000 00626cam a22002293a 4500
001 18879
003 PGUSA
005 20140828083412.0
008 060720s2006||||xxu|||||s|||||000 | eng d
040 _aPGUSA
_beng
042 _adc
050 4 _aD
100 1 _aSmith, Preserved,
_d1880-1941
245 1 4 _aThe Age of the Reformation
_h[electronic resource] /
_cPreserved Smith
260 _bProject Gutenberg,
_c2006
506 _aPublic domain in the USA.
516 _aElectronic text
653 _aReformation
830 0 _aProject Gutenberg
_v18879
856 4 0 _uhttp://www.gutenberg.org/ebooks/18879
942 _cEB
999 _c248134
_d248134